[Event "RUS-ch 53rd"]
[Site "Samara"]
[Date "2000.06.22"]
[Round "6"]
[White "Meister, Jakob"]
[Black "Voitsekhovsky, Stanislav"]
[Result "1-0"]
[WhiteElo "2473"]
[BlackElo "2546"]
[Annotator "Bangiev,Alexander J"]
[PlyCount "67"]
[EventDate "2000.06.03"]
[EventType "swiss"]
[EventRounds "11"]
[EventCountry "RUS"]
[SourceTitle "CBM 078"]
[Source "ChessBase"]
[SourceDate "2000.10.18"]
[SourceVersion "1"]
[SourceVersionDate "2000.10.18"]
[SourceQuality "1"]

1. e4 c5 2. Nc3 e6 3. f4 Nc6 4. Nf3 Nge7 {Mit dem Springer auf e7 hat der Nachziehende zwei Möglichkeiten seinen Königsflügel zu entwickeln, nämlich den typischen Plan mit g6, g7, 0-0 und den Vorstoß d5 mit der Idee den Bauern e4 abzutauschen, was dem Springer erlauben soll, auf dem Feld f5 bzw. d5 einen guten Platz zu finden. Die Entwicklung des Königsflügel stellt dann kein Problem dar.} 5. b3 $5 {Ein guter, allerdings seltener Zug.} d5 (5... g6 $6 {Die Entwicklung des Läufers von f8 nach g7 würde eine schwarzfeldrige Schwäche im Lager des Nachziehenden verursachen.} 6. Bb2 (6. e5 d5) 6... Bg7 7. e5 $1 {[%cal Yb2e5,Yf4e5,Yf3e5] Nun wirken die weißen Figuren auf den Punkt e5 sehr gut zusammen.} d5 (7... O-O 8. Ne4 $1 $16 {[%cal Ye4f6]}) 8. exd6 Nf5 (8... Qxd6 $2 9. Nb5) 9. Bb5 $36) (5... Nd4 6. Bb2 Nec6 7. e5 b6 8. Ne4 Bb7 9. Bd3 d5 10. exd6 Bxd6 11. O-O Be7 12. Nxd4 Nxd4 13. Qh5 h6 14. Rae1 O-O 15. Re3 Qd5 $132 {½-½ Bujakevich,A-Fish,G/Yalta 1996/(41)}) 6. Bb2 ({RR} 6. e5 Nf5 7. Bb2 Be7 8. Ne2 h5 9. Neg1 Bh4+ 10. Nxh4 Qxh4+ 11. g3 Nxg3 12. Nf3 Qxf4 13. hxg3 Qxg3+ 14. Ke2 d4 15. Rg1 Qf4 16. Rxg7 Nxe5 17. Kf2 Ng6 18. Bd3 Kf8 19. Rxg6 fxg6 20. Qg1 b6 {Lamprianou,D-Karacsonyi,K (2198) Rhodes GRE 2025 0-1}) 6... dxe4 $146 {[%mdl 8]} (6... d4 7. Nb1 Ng6 8. g3 Be7 9. h4 $36) (6... Ng6 7. g3 (7. f5 $5) 7... dxe4 8. Nxe4 Nd4 9. Nxd4 cxd4 10. Qe2 Ne7 11. O-O-O Nc6 12. Kb1 Be7 13. g4 O-O 14. h4 b6 15. g5 a5 16. Bg2 {0-1 Bujakevich,A-Brylev,I/Moscow 1996/(43)}) ({RR} 6... d4 7. Ne2 Ng6 8. g3 h5 9. h3 h4 10. g4 d3 11. cxd3 Nb4 12. Nc1 Nxf4 13. d4 cxd4 14. Bxd4 Qc7 15. Bc4 Bc5 16. Bxc5 Qxc5 17. d4 Qc6 18. d5 exd5 19. exd5 Qf6 20. Rb1 O-O 21. a3 {Kozlicek,L (2152)-Lacko,J (2170) Czech Republic 2004 0-1 (39)}) ({RR} 6... d4 7. Ne2 e5 8. g3 exf4 9. Nxf4 Ng6 10. Bb5 Be7 11. Bxc6+ bxc6 12. Qe2 Qc7 13. O-O-O Bg4 14. h3 Bxf3 15. Qxf3 Ne5 16. Qe2 O-O 17. d3 a5 18. a4 Rab8 19. Rdf1 Rfd8 20. Kb1 c4 21. dxc4 {Kotronias,V (2580)-Vouldis,A (2515) Greece 2002 0-1}) ({RR} 6... a6 7. g3 b5 8. d3 Bb7 9. Bg2 d4 10. Ne2 e5 11. fxe5 Ng6 12. e6 fxe6 13. O-O Be7 14. Nf4 Nxf4 15. gxf4 O-O 16. Qd2 Qc7 17. Bh3 Bc8 18. Bc1 Bd7 19. Qe2 Rae8 20. a3 Bd6 21. e5 {Paoli,E (2220)-Hardicsay,P (2375) Budapest 1982 0-1 (46)}) 7. Nxe4 Nf5 {Schwarz beabsichtigt damit, das wichtige Feld d4 zu kontrollieren bzw. zu besetzen, und zugleich die Entwicklung des Königsflügels (nach etwa e7 und 0-0) beenden zu können.} (7... Nd5 8. g3 {Wegen die Schwächung des Bauern auf g7 hat Weiß die besseren Aussichten.}) 8. Bb5 $1 {[%cal Yb2e5,Yf3e5] Der Punkt e5 ist der Schlüsselpunkt der weißen Eröffnungsstrategie.} Bd7 9. Qe2 {[%cal Ye2e5]} Be7 10. O-O-O {Ein neuer Plan.} ({In ähnlichen Stellungen versucht der Anziehende in der Regel durch den Abtausch auf c6 gefolgt von e5 und kurze Rochade eine sichere Stellung zu erreichen, z.B.} 10. Bxc6 Bxc6 11. Ne5 Bxe4 12. Qxe4 Qd5 13. Qxd5 exd5 14. Kf2 $11) 10... Nfd4 (10... O-O 11. Bxc6 Bxc6 12. Ne5 (12. g4 Nd4 13. Nxd4 cxd4 $36) 12... Nd4 13. Qe3 $11) 11. Nxd4 Nxd4 12. Bxd7+ Qxd7 13. Qf2 {[%cal Yf4f5]} b6 {[%cal Gb6c5]} (13... a5 14. c3 {[%cal Re4c5]}) 14. g4 {Der Angriff am Königsflügel soll die lange Rochade rechtfertigen.} a5 {Schwarz startet dagegen einen Königsangriff am Damenflügel.} 15. f5 $1 a4 16. Rde1 {Um das Schach e2 zu verhindern und den Druck auf e6 zu verstärken.} (16. f6 $5 {Dies sollte in Betracht kommen.} axb3 17. axb3 gxf6 (17... Bf8 18. fxg7 Bxg7 19. Nf6+ Bxf6 20. Qxf6) 18. Nxf6+ Bxf6 19. Qxf6 Rg8 (19... Ne2+ 20. Kb1 Qa7 (20... Rg8 $2 21. Qf3) 21. Qxh8+ Kd7 22. Qxa8 Qxa8 23. Rhf1 $16) 20. Rdf1 Qe7 21. Qh6 $13) 16... axb3 17. axb3 Ra5 $5 {a7} (17... O-O 18. f6 $1) (17... Qd8 18. Rhf1 O-O 19. f6 Bxf6 20. Nxf6+ Qxf6 21. Qxf6 gxf6 22. Rxf6 $14) 18. f6 Bxf6 19. Nxf6+ gxf6 20. Qxf6 Rg8 21. Re4 $1 $36 Qe7 (21... Qa7 $2 22. Bxd4 cxd4 23. Rxe6+ fxe6 24. Qxe6+ $18) 22. Qf4 Nc6 (22... Qa7 23. Kb1 Ra2 24. Rf1 $16) 23. Rf1 Rg6 24. h4 Qa7 25. d3 (25. Kb1 $2 Nb4 $1 {a1!}) 25... Nb4 (25... Qe7 26. h5 Rg8 27. Bf6 $16) 26. h5 Rg8 27. Kd2 $1 $16 (27. Qd6 Ra1+ 28. Bxa1 Qxa1+ 29. Kd2 Qxf1 30. Qb8+ Ke7 31. Qxg8 Qf2+ 32. Re2 Qf4+ 33. Ke1 Nd5 $132) 27... Ra2 28. Qe5 Qd7 29. Kc1 Nc6 30. Qf4 Qe7 31. Kb1 $18 Ra7 32. Qh6 Qg5 33. Qxh7 Rd7 (33... Nd4 $142) 34. Bf6 1-0

[Event "Titled Tue 31st Jan Late"]
[Site "chess.com INT"]
[Date "2023.01.31"]
[Round "3"]
[White "Mosadeghpour, Masoud"]
[Black "Erdogdu, M.."]
[Result "1-0"]
[WhiteElo "2472"]
[BlackElo "2413"]
[PlyCount "93"]
[EventDate "2023.01.31"]

1. e4 c5 2. d4 cxd4 3. c3 dxc3 4. Nxc3 Nc6 5. Nf3 d6 6. Bc4 a6 7. O-O Nf6 8. Be3 ({RR} 8. b4 Bg4 9. b5 Bxf3 10. gxf3 axb5 11. Bxb5 g6 12. Nd5 Bg7 13. Bb2 Nh5 14. Bxg7 Nxg7 15. Rc1 O-O 16. Bxc6 bxc6 17. Rxc6 Rxa2 18. Rc8 Qd7 19. Rc7 Qd8 20. Rc8 Qd7 21. Rc7 Qd8 22. Rc8 Qd7 {Lagerman,R (2331)-De Firmian,N (2598) Copenhagen 1999 ½-½}) 8... Bg4 ({RR} 8... e6 9. Qe2 Be7 10. Rfd1 Bd7 11. Bf4 e5 12. Be3 O-O 13. Rac1 Rc8 14. a3 b5 15. Ba2 Na5 16. Bg5 Bg4 17. h3 Bxf3 18. Qxf3 Nc6 19. Be3 Na5 20. Bg5 Nc6 21. Be3 Na5 22. Qe2 Nc4 23. Bg5 {Mosadeghpour,M (2520)-Konguvel,P (2282) Mumbai 2019 1-0 (41)}) 9. Qb3 Bh5 $146 ({RR} 9... e6 10. Qxb7 Na5 11. Qb4 Nd7 12. Bg5 f6 13. Be2 fxg5 14. e5 Bxf3 15. Bxf3 d5 16. Qd4 Bc5 17. Qg4 Qe7 18. Rfe1 O-O 19. Nxd5 exd5 20. Bxd5+ Kh8 21. Bxa8 Bxf2+ 22. Kh1 Bxe1 23. Rxe1 Rxa8 24. e6 {Gurung,M (1706)-Luk,L (2142) Hong Kong 2014 0-1 (33)}) ({RR} 9... e6 10. Nd4 Nxd4 11. Bxd4 b5 12. Nxb5 axb5 13. Bxb5+ Nd7 14. h3 e5 15. Bb6 Be6 16. Bxd8 Bxb3 17. axb3 Rxd8 18. Ra7 d5 19. Rc1 Bd6 20. exd5 Ke7 21. f4 e4 22. f5 g6 23. f6+ Kxf6 24. Bxd7 {Lauda,A (2198)-Laddha,S (2317) chess.com INT 2024 0-1 (70)}) 10. Qxb7 Na5 11. Qb4 Nxc4 12. Qxc4 Bxf3 13. gxf3 e6 14. e5 dxe5 15. Rfd1 Qc8 16. Qa4+ Nd7 17. Rac1 Qb7 18. Ne4 Be7 19. Bc5 Qb5 20. Qxb5 axb5 21. Bxe7 Kxe7 22. Rc7 Rhd8 23. Nc5 Rxa2 24. Rcxd7+ Rxd7 25. Rxd7+ Ke8 26. b3 Rc2 27. Rc7 Rc3 28. Nxe6 Rxb3 29. Nxg7+ Kf8 30. Nf5 f6 31. Kg2 h5 32. Rh7 Kg8 33. Rxh5 Rd3 34. Rh6 Kf7 35. Rh8 Ke6 36. Ne3 b4 37. Re8+ Kf7 38. Rb8 b3 39. Nc4 Kg6 40. Na5 Rd2 41. Nxb3 Rb2 42. Rb7 Kg5 43. Nc5 Rc2 44. Ne4+ Kf4 45. Nxf6 Kf5 46. Ne4 Kf4 47. Rf7# 1-0

[Event "Titled Tue 31st Jan Late"]
[Site "chess.com INT"]
[Date "2023.01.31"]
[Round "6"]
[White "Mosadeghpour, Masoud"]
[Black "Nakamura, Hi"]
[Result "1-0"]
[WhiteElo "2472"]
[BlackElo "2768"]
[PlyCount "85"]
[EventDate "2023.01.31"]

1. e4 c5 2. d4 cxd4 3. c3 dxc3 4. Nxc3 Nc6 5. Nf3 e6 6. Bc4 Nge7 7. Bg5 a6 8. O-O f6 9. Be3 b5 10. Bb3 Bb7 ({RR} 10... Na5 11. Bc2 Ng6 12. h4 Be7 13. h5 Ne5 14. Nxe5 fxe5 15. Qf3 Nc4 16. Bc1 Bb7 17. a4 Bc6 18. b3 Nd6 19. Qg3 b4 20. Na2 O-O 21. Bb2 Nf7 22. f4 Bh4 23. Qh3 Bf6 24. Qd3 Be7 25. Qg3 {Cuartas,J (2492)-Bachmann,A (2653) Medellin 2017 0-1 (45)}) ({RR} 10... Na5 11. Bc2 Nc4 12. Bc1 Ng6 13. h4 Bc5 14. h5 Nge5 15. Nd4 Qb6 16. Nb3 Be7 17. h6 g6 18. Kh1 Bb7 19. f4 Nf7 20. f5 gxf5 21. exf5 Rg8 22. Be4 b4 23. fxe6 dxe6 24. Qe2 bxc3 25. Qxc4 {Domingo Nunez,A (2340)-Drozdowski,K (2448) chess.com INT 2023 0-1 (34)}) 11. a4 $146 ({RR} 11. Nd2 Na5 12. f4 d5 13. Bf2 Rc8 14. Qg4 Nxb3 15. Nxb3 b4 16. Na4 dxe4 17. Qxe6 Qd5 18. Qh3 Qf5 19. Nbc5 Qxh3 20. gxh3 Rc7 21. Nxb7 Rxb7 22. Nc5 Rb5 23. Nxe4 Nd5 24. Bd4 Be7 25. Kg2 Kf7 {Higgins,J (2381)-Marthe Playchess.com INT 2007 0-1 (48)}) 11... b4 12. Nd5 Nc8 13. Bf4 Bd6 14. Bxd6 Nxd6 15. Nxf6+ gxf6 16. Qxd6 Rc8 17. Rad1 Qe7 18. Qd2 Na5 19. Ba2 Bxe4 20. Nd4 Rg8 21. f3 Bb7 22. Nf5 Qc5+ 23. Kh1 d5 24. Rfe1 Kd7 25. Qh6 Rce8 26. Qxh7+ Kd8 27. Nd4 Bc8 28. Nxe6+ Bxe6 29. Rxe6 Kc8 30. Bxd5 Rh8 31. Rxe8+ Rxe8 32. Qf7 Qe7 33. Qxe7 Rxe7 34. h4 Re2 35. Rc1+ Kb8 36. h5 Re5 37. Bf7 Re7 38. Bg6 Nb3 39. Rc4 a5 40. h6 Nd2 41. Rh4 Re1+ 42. Kh2 Nf1+ 43. Kh3 1-0

[Event "Titled Tue 31st Jan Early"]
[Site "chess.com INT"]
[Date "2023.01.31"]
[Round "4"]
[White "Mosadeghpour, Masoud"]
[Black "Maksimovic, Bojan"]
[Result "1-0"]
[WhiteElo "2472"]
[BlackElo "2486"]
[PlyCount "139"]
[EventDate "2023.01.31"]

1. e4 c5 2. d4 cxd4 3. c3 dxc3 4. Nxc3 Nc6 5. Nf3 e6 6. Bc4 a6 7. O-O Nge7 8. Bg5 f6 9. Be3 Ng6 10. Bb3 Be7 11. Na4 O-O 12. Nb6 Rb8 13. Rc1 Rf7 $146 ({RR} 13... Kh8 14. Qe2 Bd6 15. Rfd1 Bc7 16. Nc4 Qe7 17. Na3 d6 18. Nd4 Bd7 19. Nac2 Na5 20. Nb4 Rbc8 21. Qd2 Nxb3 22. Nxb3 Ne5 23. Rc3 a5 24. Rdc1 Nc6 25. Nxc6 bxc6 26. Rd3 Be8 27. Nxa5 Bxa5 28. Qxa5 {Miciano,J (1650)-Le,M (1972) Taipa 2014 0-1 (48)}) ({RR} 13... Kh8 14. Qd2 Nge5 15. Nxe5 fxe5 16. Rfd1 d6 17. Qe2 Bf6 18. Nxc8 Qxc8 19. Rxd6 Nd4 20. Rxd4 exd4 21. Rxc8 Rbxc8 22. Bd2 e5 23. g3 Rc7 24. Qd3 Rd8 25. Ba5 Rc1+ 26. Kg2 Rdc8 27. Bd2 Ra1 28. f4 {Mesias Rojas,R (2193)-Yonal,T (2194) chess.com INT 2025 1-0 (40)}) 14. Qe2 Nf8 15. Rfd1 Qe8 16. a3 Kh8 17. Ba2 g5 18. Nd4 Rg7 19. Nb3 Bd8 20. Nc4 g4 21. Nd6 Qh5 22. Nc5 Ne5 23. Bf4 Nfg6 24. Bg3 Qg5 25. Nd3 Nxd3 26. Qxd3 Ne5 27. Bxe5 Qxe5 28. Rxc8 Rxc8 29. Nxc8 Qxb2 30. Bxe6 Bc7 31. Bf5 Qe5 32. g3 h5 33. Qd4 Qxd4 34. Rxd4 Be5 35. Rxd7 Rxd7 36. Bxd7 b5 37. Na7 Bb2 38. Bc8 Bxa3 39. Bxa6 b4 40. Bc4 Kg7 41. Nc6 Kf8 42. Kf1 Ke8 43. Be6 Kf8 44. Ke2 Kg7 45. f3 gxf3+ 46. Kxf3 Kg6 47. h3 Kg5 48. h4+ Kg6 49. Bb3 Kh6 50. Kf4 Kg6 51. Ne7+ Kg7 52. Kf5 Bb2 53. Nc6 Bc3 54. Bd1 Kh6 55. Kf4 Bd2+ 56. Kf3 Bc3 57. Ne7 Kg7 58. Nd5 Be1 59. Kg2 Kh6 60. Nf4 Bd2 61. Nxh5 b3 62. Nxf6 b2 63. Bc2 Kg6 64. Ng4 Kf7 65. Kf3 Ke6 66. Bb1 Be1 67. Ne3 Kf6 68. Nd1 Bxg3 69. Kxg3 Ke5 70. Nxb2 1-0

[Event "Vitoria Espirito Sancto 2nd"]
[Site "Vitoria"]
[Date "2007.06.02"]
[Round "6"]
[White "Bachmann, Axel"]
[Black "Stamenkovic, Dragan"]
[Result "1-0"]
[WhiteElo "2470"]
[BlackElo "2423"]
[PlyCount "101"]
[EventDate "2007.05.29"]
[EventType "tourn"]
[EventRounds "10"]
[EventCountry "BRA"]
[EventCategory "6"]
[SourceTitle "CBM 118 Extra"]
[Source "ChessBase"]
[SourceDate "2007.07.04"]
[SourceVersion "1"]
[SourceVersionDate "2007.07.04"]
[SourceQuality "1"]

1. e4 c5 2. Nc3 Nc6 3. Bb5 g6 4. Bxc6 dxc6 5. f4 Bg7 6. Nf3 Nf6 7. O-O O-O 8. d3 Qc7 ({RR} 8... Bg4 9. Kh1 e5 10. f5 gxf5 11. exf5 Nd5 12. Ne4 Bxf5 13. Nxc5 Qe7 14. Ne4 Bg6 15. g4 f5 16. gxf5 Rxf5 17. Ng3 Rf7 18. Ng5 Rxf1+ 19. Qxf1 Rf8 20. Qe2 h6 21. N5e4 Qh4 22. Be3 Nf4 23. Qd2 {Belotti,B (2417)-Cvek,R (2408) Charleville Mezieres 2000 ½-½}) ({RR} 8... Ne8 9. Qe1 Nc7 10. f5 gxf5 11. Qg3 fxe4 12. Bh6 Ne6 13. Bxg7 Nxg7 14. Nxe4 b6 15. Ne5 f6 16. Nc4 Be6 17. b3 Qb8 18. Qf2 Qc7 19. Rae1 Rad8 20. Re3 Bf5 21. Ncd2 Bg6 22. Nf3 Rd5 23. Nc3) 9. Qe1 Nh5 ({RR} 9... b5 10. Qh4 c4 ({RR} 10... b4 11. Nd1 Bg4 12. Ne3 Bxf3 13. Rxf3 Rad8 14. f5 e6 15. Nc4 exf5 16. Bg5 Ng4 17. Bxd8 Rxd8 18. exf5 Bd4+ 19. Kh1 h5 20. Re1 Bf6 21. Qg3 Qxg3 22. hxg3 Kg7 23. fxg6 Kxg6 24. Rf4 Bg5 25. Rff1) 11. e5 Nd5 12. d4 Bf5 13. Rf2 Qd7 14. h3 Nb4 15. g4 Nxc2 16. gxf5 Nxa1 17. f6 exf6 18. exf6 Qf5 19. fxg7 Kxg7 20. Ne2 Rfe8 21. Ng3 Qf6 22. Nh5+ gxh5 23. Rg2+ Qg6 24. f5 {Fier,A (2549)-Dos Santos,W (1805) Florianopolis SC 2025 1-0}) ({RR} 9... Nd7 10. Qh4 e5 11. f5 Qd6 12. g4 f6 13. b3 g5 14. Qg3 b5 15. Rd1 a5 16. a4 c4 17. dxc4 Qc5+ 18. Kg2 bxc4 19. Ba3 Qe3 20. Bxf8 Bxf8 21. Ng1 Qb6 22. bxc4 Bb4 23. Rab1 Qc5 24. Rb3) 10. Qh4 Bf6 11. Qf2 $146 ({RR} 11. Ng5 h6 12. g4 hxg5 13. fxg5 Bd4+ 14. Kh1 Bxg4 15. Qxg4 Qe5 16. Bf4 Qg7 17. Bd2 Rad8 18. Rab1 b6 19. Qd1 c4 20. dxc4 Bxc3 21. bxc3 Rd7 22. Qe2 Qe5 23. Rbd1 Rfd8 24. Qf3 Qe6 25. Qe2 Qh3 {Mook,K (1595)-Pfarr,M (2085) Frankfurt 2012 0-1}) 11... Bxc3 12. bxc3 Nxf4 13. Ng5 e5 14. Bxf4 exf4 15. Qxc5 f6 16. Qc4+ Kg7 17. Nf3 Bg4 18. Nd4 Rae8 19. Rf2 Rf7 20. a4 g5 21. Nf3 h6 22. a5 a6 23. Nd2 Re5 24. Qa4 Ree7 25. Nc4 Be6 26. Nb6 f5 27. Qd4+ Kg6 28. e5 Re8 29. Qc5 Rfe7 30. d4 Bd5 31. Rb1 Rd8 32. c4 Be4 33. Na4 Qd7 34. Rd1 Kh7 35. c3 h5 36. Re1 Rg7 37. Qb6 Re8 38. Nc5 Qf7 39. Qb3 Qg6 40. Qd1 Kh6 41. Qe2 Qf7 42. Qf1 Qc7 43. Ra2 Rf7 44. h4 Qe7 45. Nxe4 fxe4 46. Rxe4 Ref8 47. Rf2 Qe6 48. hxg5+ Kxg5 49. Qd3 Rd8 50. Qd2 Qf5 51. Rexf4 1-0

[Event "North Urals Cup (Women) 2nd"]
[Site "Krasnoturinsk"]
[Date "2004.07.26"]
[Round "3"]
[White "Kovalevskaya, Ekaterina"]
[Black "Kursova, Maria"]
[Result "1-0"]
[WhiteElo "2470"]
[BlackElo "2334"]
[PlyCount "113"]
[EventDate "2004.07.24"]
[EventType "tourn"]
[EventRounds "9"]
[EventCountry "RUS"]
[EventCategory "9"]
[SourceTitle "CBM 103"]
[Source "ChessBase"]
[SourceDate "2004.11.11"]
[SourceVersion "1"]
[SourceVersionDate "2004.11.11"]
[SourceQuality "1"]

1. e4 c5 2. Nc3 e6 3. f4 d5 4. Nf3 dxe4 5. Nxe4 Nf6 6. Nf2 Be7 ({RR} 6... Bd6 7. Nd3 O-O 8. b3 b6 9. g3 Ba6 10. Bb2 Nc6 11. Nde5 Bxf1 12. Nxc6 Qc7 13. Rxf1 Qxc6 14. Qe2 b5 15. Ng5 Be7 16. a4 a6 17. Qf3 Qd7 18. axb5 Rad8 19. Rf2 axb5 20. Re2 c4 21. bxc4 {Wippermann,T (2427)-Alekseev,E (2606) Biel 2004 0-1 (40)}) ({RR} 6... Nd5 7. g3 b6 8. Bg2 Bb7 9. O-O Nc6 10. b3 Be7 11. Bb2 O-O 12. Qe2 Bf6 13. Ne5 Rc8 14. Ne4 Nd4 15. Bxd4 cxd4 16. c4 dxc3 17. dxc3 Bxe5 18. fxe5 Nxc3 19. Nxc3 Bxg2 20. Rfd1 Qe7 21. Nb5 {Cordeiro,M (2048)-Leschinsky,G (1992) chess.com INT 2025 0-1 (31)}) 7. g3 O-O 8. Bg2 Nc6 9. d3 $146 ({RR} 9. O-O Bd7 10. Nd3 Qc7 11. Nde5 Rad8 12. b3 Nxe5 13. Nxe5 Bb5 14. d3 Ba6 15. Qe2 b5 16. a4 b4 17. Bb2 Bb7 18. Bxb7 Qxb7 19. Qg2 Nd5 20. Rae1 Qb6 21. Nc4 Qa6 22. f5 Bf6 23. Bxf6 Nxf6 {Schmitz,W (1785)-Woelbl,J (1661) Ellwangen 2001 1-0}) 9... Qc7 10. O-O b6 11. c3 Bb7 12. Qe2 Rad8 13. Bd2 Qc8 14. Rad1 Rfe8 15. Bc1 Nb8 16. Rfe1 Nbd7 17. b3 Qa8 18. Bh1 Bf8 19. Bb2 h6 20. c4 Be7 21. Ne4 Bc6 22. Bg2 Bb7 23. Nc3 Nf8 24. Nb5 Rd7 25. Ne5 Bxg2 26. Qxg2 Qxg2+ 27. Kxg2 Rb7 28. Nc6 a6 29. Nxe7+ Rbxe7 30. Nd6 Rd8 31. Nf5 Red7 32. Nxh6+ Kh7 33. Bxf6 gxf6 34. Ng4 Rxd3 35. Rxd3 Rxd3 36. Nxf6+ Kg6 37. Ne4 f5 38. Nf2 Rd2 39. a4 a5 40. Kf3 Kf7 41. Re2 Rd6 42. h4 Nd7 43. g4 Nb8 44. g5 Nc6 45. Re3 Rd2 46. h5 Nd4+ 47. Kg2 Ne2 48. Rf3 Rc2 49. Kf1 Nd4 50. Re3 Rb2 51. Nd3 Rxb3 52. Ne5+ Kg7 53. Rxb3 Nxb3 54. Ke2 Nd4+ 55. Kd3 Kh7 56. Nd7 Nf3 57. Nf8+ 1-0

[Event "ch-GER Blitz 2023"]
[Site "Viernheim GER"]
[Date "2023.07.15"]
[Round "13.7"]
[White "Schneider, Il"]
[Black "Neyman, I.."]
[Result "1-0"]
[WhiteElo "2468"]
[BlackElo "2316"]
[PlyCount "47"]
[EventDate "2023.07.15"]
[EventType "blitz"]

1. e4 c5 2. Nc3 Nc6 3. Bb5 g6 4. Bxc6 dxc6 5. f4 Bg7 6. d3 Nf6 7. Nf3 O-O 8. O-O Bg4 9. Qe1 Bxf3 10. Rxf3 c4 11. e5 Ne8 12. dxc4 Qd4+ 13. Be3 Qxc4 14. Rd1 $146 ({RR} 14. Qh4 Qe6 15. Ne4 Qf5 16. Nc5 Nc7 17. c4 Rfe8 18. g4 Qc2 19. Rh3 g5 20. Qxg5 Rad8 21. Qh4 b6 22. Nb3 Rd1+ 23. Rxd1 Qxd1+ 24. Kf2 Qc2+ 25. Nd2 Rd8 26. Ke1 Ne6 27. f5 Qc1+ 28. Ke2 Nd4+ {Swicarz,M (2308)-Kolasinski,K (2004) Polanica Zdroj 2011 ½-½ (39)}) 14... Qb4 15. Rd7 Qxb2 16. Bc5 Qxc2 17. Rf2 Qf5 18. Rxb7 Nd6 19. Rxe7 Nb5 20. Ne4 Rfd8 21. a4 Nd4 22. Nd6 Qd3 23. Rd2 Nc2 24. Qd1 1-0

[Event "World-ch (Women) k.o."]
[Site "Elista"]
[Date "2004.05.22"]
[Round "1.1"]
[White "Kovalevskaya, Ekaterina"]
[Black "Lujan, Carolina"]
[Result "1-0"]
[WhiteElo "2467"]
[BlackElo "2319"]
[PlyCount "73"]
[EventDate "2004.05.22"]
[EventType "k.o."]
[EventRounds "6"]
[EventCountry "RUS"]
[SourceTitle "CBM 100 Extra"]
[Source "ChessBase"]
[SourceDate "2004.07.06"]
[SourceVersion "2"]
[SourceVersionDate "2004.07.06"]
[SourceQuality "1"]

1. e4 c5 2. Nc3 e6 3. f4 d5 4. Nf3 dxe4 5. Nxe4 Nc6 6. Bb5 Bd7 7. O-O Be7 ({RR} 7... Nf6 8. Nxf6+ Qxf6 9. Ne5 Rc8 10. Nxd7 Kxd7 11. c3 Bd6 12. d3 Rhd8 13. Be3 a6 14. Ba4 Ke7 15. Bc2 Kf8 16. Qh5 Qg6 17. Qf3 Nd4 18. Bxd4 cxd4 19. c4 Rc7 20. Rae1 Kg8 21. Re4 b6 22. Kh1 {Sadler,M (2650)-Lautier,J (2645) Monte Carlo 1998 ½-½ (34)}) 8. d3 Nf6 9. c3 ({RR} 9. Kh1 O-O 10. Be3 Nd4 11. Bxd7 Qxd7 12. Bxd4 cxd4 13. Nxf6+ Bxf6 14. a4 Rac8 15. Nd2 b6 16. Rf2 Be7 17. Nc4 Rc5 18. b4 Rd5 19. b5 Bd6 20. Qe2 Bc7 21. Rf3 g6 22. Rff1 Qe7 23. g3 Qf6 {Klekowski,M (2463)-Kamsky,G (2615) chess.com INT 2024 1-0 (43)}) 9... O-O 10. Ba4 $146 ({RR} 10. Be3 b6 11. h3 a6 12. Bxc6 Bxc6 13. Nxf6+ Bxf6 14. d4 cxd4 15. Nxd4 Bb7 16. Nf3 b5 17. Qe1 Qa5 18. Qf2 Qa4 19. Rfd1 h6 20. Bc5 Rfd8 21. Bb4 Rxd1+ 22. Rxd1 Qxd1+ 23. Kh2 Bxf3 24. gxf3 Rd8 {Mikalsen,O-Jukemura,R (2048) ICC INT 2009 0-1}) ({RR} 10. Kh1 Qc7 11. Be3 b6 12. Ba4 Nd5 13. Qd2 Rfd8 14. Bb3 Be8 15. Nfg5 h6 16. Nh3 g6 17. Qe2 Nxe3 18. Qxe3 Na5 19. Bc2 Bf8 20. Nf6+ Kg7 21. Ng4 f5 22. Ne5 Nc6 23. Nf3 Bf7 24. Rae1 Bd6 {Johansson,J (2390)-Karlsson,L (2480) Uppsala 1992 1-0 (35)}) 10... Qc7 11. Nxf6+ Bxf6 12. Ng5 h6 13. Ne4 Be7 14. Bc2 f5 15. Nd2 e5 16. Nc4 Bf6 17. Qh5 Be6 18. Bb3 Rae8 19. fxe5 Nxe5 20. Bf4 b5 21. Nxe5 Bxe5 22. Bxe5 Qxe5 23. Rae1 Qf6 24. Rxe6 Rxe6 25. Rxf5 c4 26. Rxf6 Rfxf6 27. h3 cxb3 28. axb3 Rb6 29. d4 Rfd6 30. Qe8+ Kh7 31. d5 a5 32. Qe5 a4 33. bxa4 bxa4 34. c4 Rg6 35. c5 Rb5 36. d6 Rb3 37. c6 1-0

[Event "Novi Sad Serbian op"]
[Site "Novi Sad"]
[Date "2016.11.10"]
[Round "6"]
[White "Lazic, Miroljub"]
[Black "Ernst, Sipke"]
[Result "1-0"]
[WhiteElo "2467"]
[BlackElo "2538"]
[PlyCount "129"]
[EventDate "2016.11.06"]
[EventType "swiss"]
[EventRounds "9"]
[EventCountry "SRB"]
[SourceTitle "CBM 175 Extra"]
[Source "ChessBase"]
[SourceDate "2016.12.12"]
[SourceVersion "1"]
[SourceVersionDate "2016.12.12"]
[SourceQuality "1"]

1. e4 c5 2. Nc3 e6 3. f4 d5 4. Nf3 dxe4 5. Nxe4 Nc6 6. Bb5 Bd7 7. Qe2 Nh6 ({RR} 7... Nf6 8. f5 Be7 9. fxe6 Bxe6 10. Bxc6+ bxc6 11. O-O O-O 12. b3 Nxe4 13. Qxe4 Bf6 14. Rb1 Qd5 15. d3 Qxe4 16. dxe4 c4 17. Bg5 Bc3 18. Bd2 Bf6 19. Rfe1 h6 20. Kf2 Rfd8 21. Ba5 Rd7 22. Rbd1 {Janaszak,D (2306)-Saiz Rodriguez,D (2187) chess.com INT 2025 1-0 (44)}) 8. Bxc6 ({RR} 8. O-O a6 9. Bxc6 Bxc6 10. b3 Nf5 11. Bb2 Be7 12. Ne5 Rc8 13. d3 O-O 14. Rae1 Nd4 15. Qf2 Bh4 16. g3 Be7 17. c3 Nf5 18. Rd1 b6 19. g4 Nd6 20. Nxc6 Rxc6 21. Nd2 f5 22. Qg2 Qc8 {Yudasin,L (2605)-Ulybin,M (2560) Las Palmas 1993 ½-½ (74)}) 8... Bxc6 9. Ne5 Rc8 $146 ({RR} 9... Qc7 10. O-O Be7 11. d3 Nf5 12. Qh5 Bf6 13. Nxf6+ gxf6 14. Ng4 O-O-O 15. Nxf6 c4 16. Qe2 Qe7 17. Ne4 Rhg8 18. Be3 b6 19. b3 Qb7 20. Bf2 Rxd3 21. cxd3 cxd3 22. Qxd3 Bxe4 23. Qc3+ Kb8 24. Bg3 {Gevorgyan,M (2255)-Nakhbayeva,G (2296) Almaty 2019 0-1 (32)}) 10. d3 Nf5 11. Ng5 Rc7 12. O-O Qd5 13. c3 f6 14. Nxc6 Rxc6 15. Ne4 Be7 16. Bd2 O-O 17. Be1 Rd8 18. Rf3 Nh6 19. a3 f5 20. Nd2 Bf6 21. h3 Nf7 22. Bg3 b5 23. Re3 b4 24. axb4 cxb4 25. c4 Qd4 26. Nb3 Qd5 27. Nd2 Qd4 28. Nb3 Qxb2 29. Qxb2 Bxb2 30. Rxa7 Rcd6 31. Re7 Kf8 32. R7xe6 Rxe6 33. Rxe6 Rxd3 34. Bf2 Nd8 35. Re3 Rc3 36. Rxc3 bxc3 37. Kf1 Ne6 38. Be3 g5 39. fxg5 f4 40. Bd4 Nxg5 41. Ke2 Kf7 42. h4 Ne6 43. Kd3 Kg6 44. c5 Kf5 45. c6 Kg4 46. Bf2 f3 47. gxf3+ Kxf3 48. Bb6 c2 49. Kxc2 Bf6 50. Kd3 Kg4 51. Nc5 Kf5 52. h5 Nf4+ 53. Kc4 Be5 54. Nd3 Nxd3 55. Kxd3 Bg3 56. Kc4 Ke6 57. Kb5 Kd6 58. Bd8 Bf2 59. Bg5 Kc7 60. Bf4+ Kd8 61. Kc4 Bb6 62. Kd5 Bc7 63. Bxc7+ Kxc7 64. h6 Kc8 65. Ke6 1-0